International convention on the elimination of all forms of racial discrimination: selected decisions of the Committee on the Elimination of Racial Discrimination, volume I (Record no. 47329)
[ view plain ]
| 000 -LEADER | |
|---|---|
| fixed length control field | 00897nam a2200157 a 4500 |
| 008 - FIXED-LENGTH DATA ELEMENTS--GENERAL INFORMATION | |
| fixed length control field | 120917s2012 ||||||||||||||||| || u |
| 020 ## - INTERNATIONAL STANDARD BOOK NUMBER | |
| International Standard Book Number | 9789211541953 |
| 050 ## - LIBRARY OF CONGRESS CALL NUMBER | |
| Classification number | UNHCHR(02) |
| 110 ## - MAIN ENTRY--CORPORATE NAME | |
| Corporate name or jurisdiction name as entry element | United Nations High Commissioner for Human Rights (UNHCHR) |
| 245 10 - TITLE STATEMENT | |
| Title | International convention on the elimination of all forms of racial discrimination: selected decisions of the Committee on the Elimination of Racial Discrimination, volume I |
| Statement of responsibility, etc. | by United Nations High Commission for Human Rights [UNHCHR] |
| 260 ## - PUBLICATION, DISTRIBUTION, ETC. | |
| Place of publication, distribution, etc. | New York: |
| Name of publisher, distributor, etc. | United Nations High Commissioner For Human Rights (UNHCHR) |
| Date of publication, distribution, etc. | 2012 |
| 300 ## - PHYSICAL DESCRIPTION | |
| Extent | 213p.: ill. |
| 500 ## - GENERAL NOTE | |
| General note | Thirty-sixth to seventy-fifth sessions (August 1988 - August 2011) |
| 650 ## - SUBJECT ADDED ENTRY--TOPICAL TERM | |
| Topical term or geographic name entry element | RACE DISCRIMINATION--LAW AND LEGISLATION |
| 995 ## - RECOMMENDATION 995 [LOCAL, UNIMARC FRANCE] | |
| -- | CBU-MAIN LIBRARY (Kitwe) |
| -- | 1 |
| -- | AVAILABLE |
| -- | Mar 13, 2013 |
| -- | International Publications |
| Withdrawn status | Lost status | Source of classification or shelving scheme | Damaged status | Not for loan | Home library | Current library | Shelving location | Date acquired | Total Checkouts | Full call number | Barcode | Date last seen | Price effective from | Koha item type |
|---|---|---|---|---|---|---|---|---|---|---|---|---|---|---|
| CBU-MAIN LIBRARY, KITWE. | CBU-MAIN LIBRARY, KITWE. | 11/30/2022 | UNHCHR(02) | B594 | 11/30/2022 | 11/30/2022 | MONOGRAPH |